Locuzioni latine - Quiz n°15 - Statistics

Statistiche generali
  • Questo quiz è stato fatto 26 volte
  • Il punteggio medio è 9 su 10
Statistiche sulle risposte
Hint Risposta % Corretto
Ave, Caesar, morituri te salutant Ave, Cesare, quelli che stanno per morire ti salutano
100%
Pacta sunt servanda I patti devono essere osservati
100%
Quousque tandem abutere, Catilina, patientia nostra? Fino a quando dunque, Catilina, abuserai della nostra pazienza?
95%
Tempus fugit Il tempo fugge
95%
Requiescat in pace Riposi in pace
95%
Pro capite A testa
91%
Magna cum laude Con grande lode
91%
Factotum Fa' tutto
91%
Ad interim Per ora
86%
Imprimatur Si stampi
73%
Nessun quiz corrispondente trovato
Distribuzione punteggi
Percentuale di utenti per punteggio
Percentile per numero di risposta
I tuoi punteggi nel tempo
Non hai fatto questo quiz